000 00347nam a2200133Ia 4500
005 20260328104255.0
008 260328s9999||||xx |||||||||||||| ||und||
100 _aMeyhofer, Dirk
245 0 _aContemporary European Architects .Volumen II /
_cDirk Meyhofer
260 _bTaschen
300 _a176 p.
650 _aEDAD CONTEMPORANEA
942 _cBK
999 _c10382
_d10382